000 00459pab a2200181 454500
008 180718b2001 xxu||||| |||| 00| 0 eng d
100 _aMoitra, Biplab
245 _aRural roads and rural transportation: a new challenge
260 _c2001
300 _ap.12-16
362 _aFeb
650 _aRoads - India
650 _aTransport - India
650 _aRural transport - India
650 _aRural transport
773 _aKurukshetra
909 _a47534
999 _c47534
_d47534